000 00781nam a22002177a 4500
005 20171128114452.0
010 _aUR-9681
020 _c200.00
020 _c9789386486233
035 _aU-8236
037 _bDBAD/PUB
100 _aڈ ا کٹر مشتا ق ا حمد
245 _aتنا ب نقد
_cڈ ا کٹر مشتا ق ا حمد
246 _bby Deepak Budki
250 _aDr. Mushtaque Ahmad
260 _aد ہلی
_b ا یجو کیشنل پبليشنگ ہا ؤ س
_c2017ء
270 _a3191,و کیل ا ستر یٹ کو چہ پنڈ ت لا ل کنو ا ن ،
_bد لی
_e110006
_k23216162
_l0091-11-23211540
300 _a192ص
_c22 Cm.(B.b)
500 _aدو حصہ
942 _2ddc
_cUR
_h840.8
_mم ش ت
999 _c144185
_d144185